000 00879nam a2200277 a 4500
001 BRCA_4406
005 20190320204647.0
008 990414s1998 mx-ab#####---#000-0dspa-#
020 _a9688067970
041 _aspaeng
044 _amx
050 4 _aF1233.J8
_b.J83 1998
245 1 0 _aJuárez
_bmemoria e imagen
_ctextos por Andrés Henestrosa ... [et al.].
260 _aMéxico
_bHacienda
_c1998
300 _a319 p.
_bil. (algunas a color), mapas
_c34 cm.
500 _aIncluye índice fotográfico
500 _aColección Sonia Corcuera de Mancera
504 _aBibliografía: p. 247-249
546 _aTexto en español e inglés
600 1 4 _aJuárez, Benito
_d1806-1872
_94845
651 4 _aMéxico
_xHistoria
_y1821-1861
_9618
651 4 _aMéxico
_xHistoria
_y1867-1910
_94778
700 1 _aHenestrosa, Andrés
_d1906-2008
_9585
902 _aDSC
942 _2lcc
_cB
999 _c4116
_d4116